00558nam a2200157 a 450000100100000000500170001000800410002702000140006804000250008208200150010710000180012224501540014025000120029426000580030630000360036400003547420200930074353.0111101s1923 xxu 000 0 spa d a096292023 aDO-SdBNPbspacBNPHU axxxxbxxxx1 aAndrews, Andy10aTormentas de perfección :ben las propias palabras de los triunfadores /cAndy Andrews ; traducido por Luis Bernal Lumpuy ; editor Robert D. Smith. a5a. ed. aEstados Unidos :bLightming Crown Publishers.,c1923. a168 p. :bil., retrs. ;c26 cm.